| 000 | 00417nam a2200169Ia 4500 | ||
|---|---|---|---|
| 003 | LK-CoDNM | ||
| 005 | 20230923154140.0 | ||
| 008 | 010623t1885 xxu||||| |||| 00| 1 eng d | ||
| 040 |
_aLK-CoDNM _dLK-CoDNM _eLK-CoDNM |
||
| 041 | _aeng | ||
| 080 | _a50 B9 | ||
| 100 | _aGreen,Henry Watkins | ||
| 245 | _aA Primer of Agriculture | ||
| 260 |
_bGovernment Press _aColombo _c1885 |
||
| 300 | _b115P., 15 cm | ||
| 942 | _cBK | ||
| 999 |
_c82563 _d82563 |
||